Pays d'Europe qui ont toutes des lettres différentes - Statistiques

Statistiques générales
  • Ce quiz a été pris 147 fois
    130 depuis la dernière actualisation
  • Le résultat moyen est 10 sur 13
Statistiques - réponses
Réponse % Correct
France
97%
Portugal
92%
Irlande
83%
Croatie
82%
Roumanie
80%
Autriche
79%
Bulgarie
79%
Hongrie
79%
Malte
78%
Islande
77%
Ukraine
74%
Slovaquie
71%
Moldavie
63%
Aucun quiz correspondant
Distribution des résultats
% des personnes avec chaque résultat
Percentile par nombre de réponses
Votre historique - résultats
Vous n’avez pas pris ce quiz depuis la dernière actualisation